000 01155nam a2200313 i 4500
001 181541
003 ES-MaACL
005 20250812223525.0
008 130205s1981 sp |||| | spa d
020 _a84-335-9422-2
080 _a94(460)"-0218/+0414"
080 _a94(460)"0414/0711"
080 _a94(460)"0711/1492"
100 1 _aSayas Abengochea, Juan José.
_9104102
245 1 0 _aRomanismo y germanismo
_b: el despertar de los pueblos hispánicos : (siglos IV-X) /
_cpor Juan José Sayas Abengochea, Luis A. García Moreno.
250 _a1ª ed.
260 _aBarcelona :
_bLabor,
_c1981.
300 _a552 p. :
_bmapas ;
_c22 cm.
490 1 _aHistoria de España ;
_vt. 2
504 _aBibliografía. Índices.
651 7 _aEspaña-
_xHistoria-
_y218 a.C.-414 d.C. (Época romana)
_9168873
651 7 _aEspaña-
_xHistoria-
_y0414-0711, Época visigoda
_9162046
651 4 _aEspaña-
_xHistoria-
_y0711-1492, Reconquista.
_98217
700 1 _aGarcía Moreno, Luis A.,
_d1950-
_955000
830 0 0 _aHistoria de España (Labor)
_vt. 2
_9236395
852 _aES-MaACL
_jL-16748
942 _2udc
999 _c181541
_d181541